Normal view MARC view
  • MARCO AURELIO,

Entry Nombre Personal

Number of records used in: 2

001 - NUMERO DE CONTROL

  • campo de control: 21297

003 - IDENTIFICADOR DE NUMERO DE CONTROL

  • campo de control: UPN

005 - FECHA Y HORA DE LA ÜLTIMA TRANSACCIÓN

  • campo de control: 20210219193938.0

008 - DATOS DE LONGITUD FIJA

  • campo de control de longitud fija: nabaccnnaabn|||||||||| b |nc|||||d

035 ## - NUMERO DE CONTROL

  • Número de control: UPN10000021306

040 ## - FUENTE DE CATALOGACIÓN

  • Lenguaje de catalogación: SPA
  • Agencia de transcripción: UPN

100 0# - ENCABEZAMIENTO - NOMBRE PERSONAL

  • Nombre personal: MARCO AURELIO,
  • Títulos u otras palabras asociadas al nombre: EMPERADOR DE ROMA,
  • Fechas asociadas con el nombre: 121-180

670 ## - FUENTE EN LA QUE SE LOCALIZARON DATOS

  • Cita de la fuente: T
  • Información localizada: Salvat Universal

670 ## - FUENTE EN LA QUE SE LOCALIZARON DATOS

  • Cita de la fuente: LC/P
  • Información localizada: Marcus Aurelius, Emperor of Rome, 121-180

902 ## - CATALOGADOR

  • Catalogador: EMR/261012